FUNDADORES DE EL COLEGIO NACIONAL VISTOS POR SUS COLEGAS : (Registro nro. 23467)
[ vista simple ]
| 000 -LEADER | |
|---|---|
| fixed length control field | 00620nam a2200169 a 4500 |
| 001 - CONTROL NUMBER | |
| control field | 23467 |
| 005 - DATE AND TIME OF LATEST TRANSACTION | |
| control field | 20180713221533.0 |
| 008 - FIXED-LENGTH DATA ELEMENTS--GENERAL INFORMATION | |
| fixed length control field | 140415s1983 mx 000 0 spa d |
| 020 ## - INTERNATIONAL STANDARD BOOK NUMBER | |
| International Standard Book Number | 9686664106 |
| 041 ## - LANGUAGE CODE | |
| Language code of text/sound track or separate title | spa |
| 082 ## - DEWEY DECIMAL CLASSIFICATION NUMBER | |
| Classification number | 060.9 |
| Item number | FUN |
| 245 00 - TITLE STATEMENT | |
| Title | FUNDADORES DE EL COLEGIO NACIONAL VISTOS POR SUS COLEGAS : |
| Remainder of title | MARIANO AZUELA, ALFONSO CASO, CARLOS CHAVEZ, EZEQUIEL A CHAVEZ, IGNACIO MARTINES, ISAAC OCHOTERENA, EZEQUIEL ORDOÑES, JOSE CLEMENTO OROZCO, ALFONSO REYES, .... |
| 250 ## - EDITION STATEMENT | |
| Edition statement | 1a ed. |
| 260 ## - PUBLICATION, DISTRIBUTION, ETC. | |
| Place of publication, distribution, etc. | MEXICO : |
| Name of publisher, distributor, etc. | EL COLEGIO NACIONAL, |
| Date of publication, distribution, etc. | 1983 |
| 300 ## - PHYSICAL DESCRIPTION | |
| Extent | 251 |
| 650 14 - SUBJECT ADDED ENTRY--TOPICAL TERM | |
| Topical term or geographic name entry element | ESCUELAS |
| General subdivision | FUNDADORES |
| Withdrawn status | Lost status | Source of classification or shelving scheme | Damaged status | Not for loan | Collection code | Home library | Current library | Shelving location | Date acquired | Source of acquisition | Inventory number | Total Checkouts | Full call number | Barcode | Date last seen | Price effective from | Koha item type |
|---|---|---|---|---|---|---|---|---|---|---|---|---|---|---|---|---|---|
| Dewey Decimal Classification | General | Biblioteca Karol Wojtyla | Biblioteca Karol Wojtyla | Sala general | 03/12/2013 | Compra | 151000000000000000059840 | '060.9 FUN | 44293 | 05/01/2026 | 03/12/2013 | Libro |